|
|
|
|
| LEADER |
02304nam a22004094a 4500 |
| 001 |
EBC182570 |
| 003 |
MiAaPQ |
| 005 |
20200520144314.0 |
| 006 |
m o d | |
| 007 |
cr cn||||||||| |
| 008 |
021125s2003 enka sb 001 0 eng |
| 010 |
|
|
|z 2002154264
|
| 020 |
|
|
|z 0415311403
|
| 035 |
|
|
|a (MiAaPQ)EBC182570
|
| 035 |
|
|
|a (Au-PeEL)EBL182570
|
| 035 |
|
|
|a (CaPaEBR)ebr10096975
|
| 035 |
|
|
|a (CaONFJC)MIL7302
|
| 035 |
|
|
|a (OCoLC)808019874
|
| 040 |
|
|
|a MiAaPQ
|c MiAaPQ
|d MiAaPQ
|
| 043 |
|
|
|a a-ja---
|
| 050 |
|
4 |
|a JQ1698.A1
|b J364 2003
|
| 082 |
0 |
4 |
|a 324.952/049
|2 21
|
| 245 |
0 |
0 |
|a Japanese electoral politics
|h [electronic resource] :
|b creating a new party system /
|c edited by Steven R. Reed.
|
| 260 |
|
|
|a London ;
|a New York :
|b RoutledgeCurzon,
|c 2003.
|
| 300 |
|
|
|a xiii, 215 p. :
|b ill.
|
| 490 |
1 |
|
|a The Nissan Institute/RoutledgeCurzon Japanese studies series
|
| 504 |
|
|
|a Includes bibliographical references (p. [202]-208) and index.
|
| 505 |
0 |
|
|a Part 1. The political context of the 1996 and 2000 elections -- The 1993 election and the end of LDP one-party dominance / Steven R. Reed -- Realignment between the 1993 and 1996 elections / Steven R. Reed -- Realignment between the 1996 and 2000 elections / Steven R. Reed -- Part 2. Four prefectural case studies -- Political realignment in Nagano: Hata Tsutomu and the new opposition challenge the LDP / Ethan Scheiner -- A local five-party alliance challenges the LDP in Hyogo / Karen E. Cox -- Inheriting the 'conservative kingdom' in Ibaraki / Hulda Thora Sveinsdottir -- Kagoshima: the prefecture that realignment forgot / Robert Weiner -- Part 3. Statistical analysis -- Who won the 1996 election? / Steven R. Reed -- Who won the 2000 election? / Steven R. Reed.
|
| 533 |
|
|
|a Electronic reproduction. Ann Arbor, MI : ProQuest, 2015. Available via World Wide Web. Access may be limited to ProQuest affiliated libraries.
|
| 650 |
|
0 |
|a Political parties
|z Japan.
|
| 650 |
|
0 |
|a Elections
|z Japan.
|
| 651 |
|
0 |
|a Japan
|x Politics and government
|y 1989-
|
| 655 |
|
4 |
|a Electronic books.
|
| 700 |
1 |
|
|a Reed, Steven R.,
|d 1947-
|
| 710 |
2 |
|
|a ProQuest (Firm)
|
| 830 |
|
0 |
|a Nissan Institute/Routledge Japanese studies series.
|
| 856 |
4 |
0 |
|u https://ebookcentral.proquest.com/lib/matrademy/detail.action?docID=182570
|z Click to View
|